000 01807nam a2200265Ia 4500
999 _c38591
_d38591
001 4708
003 GE_BSU
005 20190710174559.0
008 181216s2012||||ge |||||||||||||| ||geo||
020 _a9789941195853
040 _cGE_BSU
041 _ageo
080 _a94(479.22) ს-32
100 _aლორთქიფანიძე, მ.
_9473
245 _aსაქართველოს ისტორია 4 ტომად (უძველესი დროიდან XX საუკუნის ბოლომდე) :
_bსაქ. მეცნ. ეროვნ. აკად. ისტ. ეთნოლ. რელიგიის შესწ. და პროპაგანდის სამეცნ. ცენტრი ტ. 2 საქართველოს ისტორია IV საუკუნიდან XIII საუკუნამდე /
_hმ. ლორთქიფანიძე, დ. მუსხელიშვილი, რ. მეტრეველი ; სარედ. კოლ. : მ. ლორთქიფანიძე და სხვ. : რედ. რ. მეტრეველიელი
264 _aთბილისი :
_bპალიტრა ;
_c2012.
300 _a463 გვ. :
_b16 ჩანართფ. ილ. ;
_c25 სმ.
541 _h16 ლ.
653 _aსაქართველოს ისტორია
653 _aსაქართველოს ისტორია IV საუკუნიდან XIII საუკუნამდე
700 _aმუსხელიშვილი, დ.
_eავტორი
_93201
700 _aმეტრეველი, რ
_eავტორი
_93202
700 _a მეტრეველი, რ.
_eრედაქტორი
_93203
942 _cBK
_2udc